00830cam a2200241 a 4500001001300000003000400013005001700017008004100034010001700075025001900092040001800111043001200129050002600141082001600167110005300183245005100236260008800287300003600375500001700411505010500428650003800533999001700571sa 68012765 DLC20260227112615.0691104m19659999bg ab s f000 0 eng  asa 68012765  aPL480:EP-E-454 aDLCcDLCdDLC aa-bg---00aHN690.6.A85bE38 196500a309.1/549/21 aEast Pakistan (Pakistan).bBureau of Statistics.10aMaster survey of agriculture in East Pakistan. aDacca :bOfficer on Special Duty, Services and General Administration Dept.,c1965- av. <1> :bill., maps. ;c25 cm. aCover title.1 a[1] Report on first round : a sample study of the basic characteristics of villages in East Pakistan 0aVillageszBangladeshvStatistics. c84738d84738